Disney: The Little Mermaid Quiz - Statistics

General Stats
  • This quiz has been taken 136 times
  • The average score is 19 of 28
Answer Stats
Question Answer % Correct
What colour is Ariel's hair? Red
98%
What kind of animal is Sebastian? Crab
97%
Name the Prince Eric
87%
What is the name of the evil Sea Witch? Ursula
86%
Name of the blue and yellow fish Flounder
83%
Colour of Ariel's tail Green
81%
Who sings "Under The Sea" ? Sebastian
81%
Ariel's father is called... King Triton
79%
How many weddings were in the film? 2
78%
How many days does Ariel have to make the Prince fall in love with her? 3
78%
What colour is Ariel's father's tail? Blue
78%
What age is Ariel? 16
77%
How many sisters does Ariel have? 6
77%
The Sea Witch turns Ariel into what to be with the Prince? Human
76%
What does Ariel find on the sunken ship? A fork
71%
What kind of animals does the sea witch keep as pets? Eels
69%
Which song features singing flamingoes and frogs? Kiss the girl
67%
Who says "don't be such a guppy"? Ariel
66%
The Sea Witch takes what from Ariel? Her voice
63%
Who uses a telescope? Scuttle
61%
And his dog Max
59%
And what does he hold? Trident
58%
Where would Ariel rather live? On land
51%
What appears in the sky at Ariel's wedding? Rainbow
49%
Instrument played by the Prince Flute
47%
The Prince uses what to defeat the Sea Witch? Ship
40%
Name the chef Louis
32%
Ariel's father calls humans what? Barbarians
17%
No matching quizzes found
Score Distribution
Percent of People with Each Score
Percentile by Number Answered
Your Score History
You have not taken this quiz